Proceedings of the symposia nos. 1, 2, 3, 4...V Congreso Nacional de Topografia y Cartografia, Madrid, 28 Septiembre- 2 Octubre 1992. (Record no. 91539)

MARC details
000 -LEADER
fixed length control field 01637cam a2200325 4500
001 - CONTROL NUMBER
control field J1616
008 - FIXED-LENGTH DATA ELEMENTS--GENERAL INFORMATION
fixed length control field 090401t1992 xxu||||| |||| 00| 0 eng d
035 ## - SYSTEM CONTROL NUMBER
System control number (Sirsi) u44464
041 ## - LANGUAGE CODE
Language code of text/sound track or separate title eng
050 ## - LIBRARY OF CONGRESS CALL NUMBER
Classification number 526.9
110 ## - MAIN ENTRY--CORPORATE NAME
Corporate name or jurisdiction name as entry element Federation International Des Geometres
245 ## - TITLE STATEMENT
Title Proceedings of the symposia nos. 1, 2, 3, 4...V Congreso Nacional de Topografia y Cartografia, Madrid, 28 Septiembre- 2 Octubre 1992.
260 ## - PUBLICATION, DISTRIBUTION, ETC.
Place of publication, distribution, etc. Madrid
Date of publication, distribution, etc. 1992
300 ## - PHYSICAL DESCRIPTION
Extent 524p. ; 24cm.
350 ## - PRICE (NR) (BK AM CF MU VM SE) [OBSOLETE]
Price 0
520 ## - SUMMARY, ETC.
Summary, etc. Papers include: - free movement of professionals within the European Economic Area/ PLIMMER, F. - Comparative approach to study for real estate professionals in the United Kingdom and the Netherlands/ HILL, M.P. & KRAGT, E. - Continuing professional development and FIG current practice and future developments/ KENNIE, T. - Current and future trends in IT: general practice surveying/ DIXON, T. - Environmental issues and survey education/ BULLARD, R.K. - Continuing professional development of surveyors across Europe/ GREENHALGH, B.D. & BOYDELL, S. - Land use planning strategies in the UK/ DIXON, P. - Forecasting construction and maintenance costs in the U.K./ LEWIS, D.
650 ## - SUBJECT ADDED ENTRY--TOPICAL TERM
Topical term or geographic name entry element BUILT ENVIRONMENT-BUILDING COSTS
650 ## - SUBJECT ADDED ENTRY--TOPICAL TERM
Topical term or geographic name entry element COMPUTERS
650 ## - SUBJECT ADDED ENTRY--TOPICAL TERM
Topical term or geographic name entry element CONFERENCES
650 ## - SUBJECT ADDED ENTRY--TOPICAL TERM
Topical term or geographic name entry element CONTINUING PROFESSIONAL DEVELOPMENT
650 ## - SUBJECT ADDED ENTRY--TOPICAL TERM
Topical term or geographic name entry element EUROPEAN COMMUNITY
650 ## - SUBJECT ADDED ENTRY--TOPICAL TERM
Topical term or geographic name entry element GENERAL PRACTICE
650 ## - SUBJECT ADDED ENTRY--TOPICAL TERM
Topical term or geographic name entry element Land use
9 (RLIN) 6251
650 ## - SUBJECT ADDED ENTRY--TOPICAL TERM
Topical term or geographic name entry element MAINTENANCE COSTS
650 ## - SUBJECT ADDED ENTRY--TOPICAL TERM
Topical term or geographic name entry element SURVEYORS
690 ## - LOCAL SUBJECT ADDED ENTRY--TOPICAL TERM (OCLC, RLIN)
Topical term or geographic name as entry element LAND SURVEYING
710 ## - ADDED ENTRY--CORPORATE NAME
Corporate name or jurisdiction name as entry element Colegio Oficial de Ingenieros Tecnicos en Topografia
9 (RLIN) 509
942 ## - ADDED ENTRY ELEMENTS (KOHA)
Suppress in OPAC 0
948 ## - LOCAL PROCESSING INFORMATION (OCLC); SERIES PART DESIGNATOR (RLIN)
c (OCLC) 04/03/1997
Holdings
Withdrawn status Lost status Source of classification or shelving scheme Damaged status Not for loan Home library Current library Shelving location Date acquired Total Checkouts Full call number Barcode Date last seen Copy number Price effective from Koha item type
    Dewey Decimal Classification     London London Basement 14/06/1993   SHELF 325 30038995 06/08/2019 1 06/08/2019 Book